| 000 | 00378pam a2200157a 44500 | ||
|---|---|---|---|
| 008 | 230515b1991 xxu||||| |||| 00| 0 eng d | ||
| 020 | _aNULL | ||
| 041 | _aENGL | ||
| 082 | _a621.3815 / MOS | ||
| 100 | _aALBRECHT MOSCHWITZER | ||
| 245 | _aSEMICONDUCTOR DEVICES CIRCUITS AND SYSTEMS | ||
| 250 | _aN.D. | ||
| 260 |
_aNULL _bCLARE _c1991 |
||
| 300 | _a352 HB | ||
| 650 | _aNULL | ||
| 999 |
_c630142 _d630142 |
||